| Tag |
First Indicator |
Second Indicator |
Subfields |
| LEADER |
00000cam a2200000 a 4500 |
| 001 |
in00001406779 |
| 005 |
20151020072927.0 |
| 008 |
920630s1994 caua j 000 1 eng |
| 010 |
|
|
|a 92025766
|
| 020 |
|
|
|a 0152287760
|
| 035 |
|
|
|a (OCoLC)26401514
|
| 035 |
|
|
|9 AHQ3735AM
|
| 040 |
|
|
|a DLC
|c DLC
|d UtOrBLW
|
| 049 |
|
|
|a TXAG
|
| 050 |
0 |
0 |
|a PZ8.3.B92
|b Fl 1994
|
| 082 |
0 |
0 |
|a [E]
|2 20
|
| 100 |
1 |
|
|a Bunting, Eve,
|d 1928-
|
| 245 |
1 |
0 |
|a Flower garden /
|c written by Eve Bunting ; illustrated by Kathryn Hewitt.
|
| 250 |
|
|
|a 1st ed.
|
| 264 |
|
1 |
|a San Diego :
|b Harcourt Brace Jovanovich,
|c [1994]
|
| 264 |
|
4 |
|c ©1994
|
| 300 |
|
|
|a 1 volume (unpaged) :
|b color illustrations ;
|c 24 cm.
|
| 336 |
|
|
|a text
|b txt
|2 rdacontent
|
| 337 |
|
|
|a unmediated
|b n
|2 rdamedia
|
| 338 |
|
|
|a volume
|b nc
|2 rdacarrier
|
| 520 |
|
|
|a Helped by her father, a young girl prepares a flower garden as a birthday surprise for her mother.
|
| 650 |
|
1 |
|a Gardening
|x Fiction.
|
| 650 |
|
1 |
|a Parent and child
|x Fiction.
|
| 650 |
|
1 |
|a Birthdays
|x Fiction.
|
| 650 |
|
1 |
|a African Americans
|v Fiction.
|
| 650 |
|
1 |
|a Stories in rhyme.
|
| 700 |
1 |
|
|a Hewitt, Kathryn,
|e illustrator.
|
| 999 |
|
|
|a MARS
|
| 999 |
f |
f |
|s 5527e65c-1f76-36c3-b447-6a8b645a3492
|i d2b8b367-9bed-390a-970c-bd58b5db7ea6
|t 0
|
| 952 |
f |
f |
|p normal
|a Texas A&M University
|b College Station
|c Sterling C. Evans Library
|d Evans: Curriculum Collection (4th floor)
|t 0
|e PZ8.3.B92 Fl 1994
|h Library of Congress classification
|i unmediated -- volume
|m A14822234020
|
| 998 |
f |
f |
|a PZ8.3.B92 Fl 1994
|t 0
|l Evans: Curriculum Collection (4th floor)
|